Central Library OPAC University of Rajshahi

Report on labour conditions in the chemical industry / (Record no. 36314)

MARC details
000 -LEADER
fixed length control field 00788nam a2200241 a 4500
001 - CONTROL NUMBER
control field 36314
003 - CONTROL NUMBER IDENTIFIER
rucl marc code BD-RjUL
005 - DATE AND TIME OF LATEST TRANSACTION
control field 20211209052453.0
008 - FIXED-LENGTH DATA ELEMENTS--GENERAL INFORMATION
fixed length control field 190407s1946 ii 000 0 eng
035 ## - SYSTEM CONTROL NUMBER
System control number (BD-RjUL)36411
040 ## - CATALOGING SOURCE
Original cataloging agency DLC
Transcribing agency DLC
Modifying agency DLC
-- BD-RjUL
Language of cataloging eng
041 ## - LANGUAGE CODE
Language code of text/sound track or separate title eng
043 ## - GEOGRAPHIC AREA CODE
Geographic area code a-ii---
082 ## - DEWEY DECIMAL CLASSIFICATION NUMBER
Edition number 23
Classification number 331.20460954
Author mark and year INR 1946
110 1# - MAIN ENTRY--CORPORATE NAME
Corporate name or jurisdiction name as entry element India.
Subordinate unit Labour Investigation Committee.
9 (RLIN) 230178
245 10 - TITLE STATEMENT
Title Report on labour conditions in the chemical industry /
Statement of responsibility, etc. India.Labour Investigation Committee ; by B. P. Adarkar.
260 ## - PUBLICATION, DISTRIBUTION, ETC. (IMPRINT)
Place of publication, distribution, etc. Delhi:
Name of publisher, distributor, etc. Manager of Publications,
Date of publication, distribution, etc. 1946.
300 ## - PHYSICAL DESCRIPTION
Pagination v, 72 p. ;
Size 26 cm.
500 ## - GENERAL NOTE
General note "Cover title."
650 #0 - SUBJECT ADDED ENTRY--TOPICAL TERM
Topical term or geographic name as entry element Chemical workers
Geographic subdivision India.
9 (RLIN) 230179
700 1# - ADDED ENTRY--PERSONAL NAME
Personal name Adarkar, B. P. (Bhalchandra Pundlik)
942 ## - ADDED ENTRY ELEMENTS (KOHA)
Source of classification or shelving scheme Dewey Decimal Classification
Koha item type Rare Books
Holdings
Lost status Source of classification or shelving scheme Damaged status Not for loan Collection code Permanent Location Current Location Shelving location Date acquired Total Checkouts Full call number Date last seen Copy number Koha item type
  Dewey Decimal Classification   Not For Loan Rare Books Central Library, University of Rajshahi Central Library, University of Rajshahi Rare Book Section 07/04/2019   RA 331.20460954 INR 1946 07/04/2019 C-1 Rare Books